Slovenská asociácia poisťovní
Po zániku Česko-slovenskej asociácie poisťovní vzniká záujmové združenie slovenských poisťovacích spoločností - Slovenská asociácia poisťovní (SAP). registrovaná od 1.1.1994 ako právny nástupca ČSAP na území Slovenskej republiky, ktorá združuje 9 poisťovacích spoločností.
Na minha lista:
| Formato: | Capítulo de Livro |
|---|---|
| Idioma: | eslovaco |
| Assuntos: | |
| Tags: |
Sem tags, seja o primeiro a adicionar uma tag!
|
MARC
| LEADER | 00000naa a2200000 4500 | ||
|---|---|---|---|
| 001 | r024474 | ||
| 005 | 20221213082939.0 | ||
| 041 | 0 | |a slo | |
| 044 | |a CZ | ||
| 245 | 1 | 0 | |a Slovenská asociácia poisťovní |
| 520 | |a Po zániku Česko-slovenskej asociácie poisťovní vzniká záujmové združenie slovenských poisťovacích spoločností - Slovenská asociácia poisťovní (SAP). registrovaná od 1.1.1994 ako právny nástupca ČSAP na území Slovenskej republiky, ktorá združuje 9 poisťovacích spoločností. | ||
| 610 | 2 | 0 | |a poisťovne |
| 610 | 2 | 0 | |a Slovensko |
| 610 | 2 | 0 | |a združenia |
| 610 | 2 | 0 | |a Slovenská asociácia poisťovní |